| 000 | 00437nam a22001697a 4500 | ||
|---|---|---|---|
| 005 | 20231113074848.0 | ||
| 008 | 231113b |||||||| |||| 00| 0 eng d | ||
| 020 | _a0797014357 | ||
| 041 | _aAfrikaans | ||
| 082 | _a346 SOU | ||
| 100 | _lAfrikaans | ||
| 245 | _aSuid-Afrikaaanse Domisilie | ||
| 260 | _c1987 | ||
| 300 |
_bxiii, 111 pages ; _c30,4 cm. |
||
| 650 |
_aLegal practice _bLaw |
||
| 942 |
_cBK _6ALISON_BN_VRIES |
||
| 999 |
_c547 _d547 |
||